[Event "POLFINAL MISTRZOSTW POLSKI JUNIOROW 2016 - C15"]
[Site "Centrum Kongresow i Rekreacji Orle Gniazdo ul. Wrzosowa 28a, Szczyrk"]
[Date "1899-12-30"]
[Round "2.8"]
[White "Dytman, Radoslaw"]
[Black "Jordan, Adam"]
[Result "1-0"]
[WhiteTitle "I"]
[BlackTitle "II"]
[WhiteElo "1771"]
[BlackElo "1377"]

1. e4 c6 2. d4 d5 3. Nc3 dxe4 4. Nxe4 Nd7 5. Qe2 Qc7 6. g3 Ngf6 7. Bg2 Nxe4 8.
Qxe4 Nf6 9. Qd3 g6 10. Bf4 Qb6 11. b3 Bf5 12. Qc4 Bg7 13. Ne2 O-O 14. O-O Rfd8
15. Rad1 Rac8 16. c3 Nd5 17. Bc1 Be6 18. Qd3 Bf5 19. Be4 Bxe4 20. Qxe4 Qa6 21.
c4 Nf6 22. Qc2 e6 23. Nc3 b5 24. Qe2 b4 25. Na4 Nd7 26. Be3 Bf8 27. Rd2 Nb6 28.
Nxb6 axb6 29. Bg5 Rd7 30. Rfd1 h6 31. Bf6 Bg7 32. Qe5 Bxf6 33. Qxf6 Rcd8 34. Qf4
Qb7 35. Qxh6 Ra8 36. g4 c5 37. dxc5 Rxd2 38. Rxd2 bxc5 39. Qg5 Qc7 40. f4 Ra6
41. Qe5 Qe7 42. g5 Ra8 43. Rd3 Rd8 44. Rh3 Rd1+ 45. Kf2 f6 46. gxf6 Qf7 47. Qb8+
Qf8 48. Rh8+ 1-0

[Event "POLFINAL MISTRZOSTW POLSKI JUNIOROW 2016 - C15"]
[Site "Centrum Kongresow i Rekreacji Orle Gniazdo ul. Wrzosowa 28a, Szczyrk"]
[Date "1899-12-30"]
[Round "2.9"]
[White "Golinski, Kacper"]
[Black "Namyslak, Piotr"]
[Result "0-1"]
[WhiteTitle "II"]
[BlackTitle "I"]
[WhiteElo "1414"]
[BlackElo "1754"]

1. d4 Nf6 2. c4 g6 3. Nc3 Bg7 4. e4 d6 5. Nf3 O-O 6. Bd3 Bg4 7. h3 Bxf3 8. gxf3
Nc6 9. Be3 e5 10. d5 Ne7 11. Qe2 Nd7 12. O-O-O f5 13. Bg5 Nc5 14. Bc2 fxe4 15.
Nxe4 Nxe4 16. Bxe4 Bf6 17. Be3 Nf5 18. Bxf5 gxf5 19. Rhg1+ Kh8 20. f4 Qe7 21.
fxe5 Qxe5 22. Rge1 Rae8 23. Qd2 Qe4 24. Bd4 Qxd4 25. Rxe8 Qxd2+ 26. Rxd2 Rxe8
27. b4 Bg5 0-1

[Event "POLFINAL MISTRZOSTW POLSKI JUNIOROW 2016 - C15"]
[Site "Centrum Kongresow i Rekreacji Orle Gniazdo ul. Wrzosowa 28a, Szczyrk"]
[Date "1899-12-30"]
[Round "2.10"]
[White "Gazda, Dominik"]
[Black "Butyrowski, Marcel"]
[Result "1-0"]
[WhiteTitle "II+"]
[BlackTitle "I"]
[WhiteElo "1377"]
[BlackElo "1742"]

1. e4 c5 2. Nf3 Nc6 3. Bb5 g6 4. c3 d5 5. exd5 Qxd5 6. Bxc6+ Qxc6 7. d4 Bg7 8.
h3 Bf5 9. Be3 Rd8 10. O-O e5 11. Re1 Ne7 12. Qe2 e4 13. Ne5 Qc8 14. Qb5+ Bd7 15.
Nxd7 Rxd7 16. Qxc5 Qxc5 17. dxc5 O-O 18. Nd2 f5 19. Bf4 Nd5 20. Bd6 Rc8 21. Nb3
Bf8 22. Bxf8 Kxf8 23. Rad1 Rcd8 24. Nd4 Kf7 25. c6 bxc6 26. Nxc6 Re8 27. c4 Nf6
28. Rxd7+ Nxd7 29. Rd1 Nb6 30. c5 Na4 31. Rd7+ Ke6 32. Rd6+ Kf7 33. b4 e3 34.
fxe3 Rxe3 35. Nxa7 Re1+ 36. Kh2 Rc1 37. c6 Ke7 38. Rd7+ Ke6 39. b5 Nb6 40. Rb7
Nd5 41. b6 Kd6 42. Rd7+ Ke6 43. b7 Rb1 44. Rxd5 Kxd5 45. c7 Rxb7 46. c8=Q 1-0

[Event "POLFINAL MISTRZOSTW POLSKI JUNIOROW 2016 - C15"]
[Site "Centrum Kongresow i Rekreacji Orle Gniazdo ul. Wrzosowa 28a, Szczyrk"]
[Date "1899-12-30"]
[Round "2.11"]
[White "Radecki, Adam"]
[Black "Urbanski, Wojciech"]
[Result "1-0"]
[WhiteTitle "I"]
[BlackTitle "II"]
[WhiteElo "1456"]
[BlackElo "1730"]

1. e4 c5 2. Nf3 d6 3. d4 cxd4 4. Nxd4 Nf6 5. Nc3 a6 6. Bg5 e6 7. f4 h6 8. Bh4 Qb6
9. Qd2 Qxb2 10. Rb1 Qa3 11. f5 Be7 12. fxe6 fxe6 13. Be2 b5 14. Bf3 e5 15. Nf5
Bxf5 16. exf5 Ra7 17. Bxf6 Bxf6 18. Bh5+ Kd8 19. Rb3 Qc5 20. Ne4 Qc6 21. Bf3 d5
22. Rc3 Qd7 23. Nxf6 gxf6 24. Bxd5 Ke7 25. O-O Rc7 26. Rd3 Qd6 27. Kh1 Qc5 28.
Rg3 Rh7 29. Bg8 Rd7 30. Qe2 Rh8 31. Be6 Rc7 32. Rd1 Qxc2 33. Rg7+ Ke8 34. Qh5+
Kf8 35. Rd8+ Kxg7 36. Qg6# 1-0

[Event "POLFINAL MISTRZOSTW POLSKI JUNIOROW 2016 - C15"]
[Site "Centrum Kongresow i Rekreacji Orle Gniazdo ul. Wrzosowa 28a, Szczyrk"]
[Date "1899-12-30"]
[Round "2.12"]
[White "Paliwoda, Borys"]
[Black "Piersiak, Krystian"]
[Result "1/2-1/2"]
[WhiteTitle "II+"]
[BlackTitle "II"]
[WhiteElo "1717"]
[BlackElo "1461"]

1. e4 c6 2. d4 d5 3. Nc3 dxe4 4. Nxe4 e6 5. Nf3 Nd7 6. Bf4 Nb6 7. Bd3 Be7 8. O-O
Nd5 9. Bg3 Ngf6 10. Nxf6+ Nxf6 11. h3 O-O 12. c3 Bd6 13. Bxd6 Qxd6 14. Qc2 b6
15. Ng5 h6 16. Ne4 Nxe4 17. Bxe4 Ba6 18. Rfe1 Rfd8 19. Rad1 b5 20. a3 Rd7 21.
b4 Rad8 22. Bf3 Bb7 23. Qb3 Qc7 24. a4 Rc8 25. a5 Re8 26. Re5 Rd6 27. Rde1 Qd7
28. Rc5 a6 29. Qc2 Re7 30. Qc1 Kh7 31. Qf4 f5 32. Qe3 Rf7 33. Qe5 g6 34. Bd1 Bc8
35. Bb3 Rf8 36. Qf4 Re8 37. Rce5 Qc7 38. Qh4 Qe7 39. Qg3 Qg5 40. Qxg5 hxg5 41.
g4 Bd7 42. Kg2 Kg7 43. f3 Kf6 44. Ba2 Rh8 45. Bb3 Bc8 46. Ba2 Rh7 47. Bb3 Re7
48. Rc5 Rc7 49. Rce5 1/2-1/2

[Event "POLFINAL MISTRZOSTW POLSKI JUNIOROW 2016 - C15"]
[Site "Centrum Kongresow i Rekreacji Orle Gniazdo ul. Wrzosowa 28a, Szczyrk"]
[Date "1899-12-30"]
[Round "2.13"]
[White "Sloniewski, Michal"]
[Black "Jarzebowski, Kacper"]
[Result "1/2-1/2"]
[WhiteTitle "I"]
[BlackTitle "I+"]
[WhiteElo "1579"]
[BlackElo "1852"]

1. d4 Nf6 2. c4 e6 3. Nc3 Bb4 4. Qc2 b6 5. a3 Bxc3+ 6. Qxc3 Bb7 7. Bg5 d6 8. e3
Nbd7 9. f3 h6 10. Bh4 c5 11. dxc5 Nxc5 12. Nh3 Rc8 13. Nf2 Ncd7 14. Qd2 Qc7 15.
Be2 O-O 16. O-O Ne5 17. Bxf6 gxf6 18. Rac1 Kh7 19. Bd3+ f5 20. e4 Rg8 21. Kh1
Qc6 22. Nh3 Nxd3 23. Qxd3 fxe4 24. fxe4 f5 25. Rce1 Qxc4 26. Qxd6 Bxe4 27. Nf4
Qc6 28. Qxc6 Rxc6 29. Rf2 Rd8 30. Nh5 Kg6 31. Ng3 Bd5 32. Ne2 Kf6 33. Nf4 Be4
34. Nh5+ Kg5 35. Ng3 Bd5 36. Nf1 a5 37. Ne3 Be4 38. Nf1 Rd3 39. Nd2 Bd5 40. Nb1
b5 41. Nc3 Bc4 42. Nd1 Rcd6 43. Ne3 Rxe3 44. h4+ 1/2-1/2

[Event "POLFINAL MISTRZOSTW POLSKI JUNIOROW 2016 - C15"]
[Site "Centrum Kongresow i Rekreacji Orle Gniazdo ul. Wrzosowa 28a, Szczyrk"]
[Date "1899-12-30"]
[Round "2.14"]
[White "Zerebiec, Maurycy"]
[Black "Ciesielski, Jan"]
[Result "1-0"]
[WhiteTitle "II"]
[BlackTitle "II+"]
[WhiteElo "1488"]
[BlackElo "1784"]

1. d4 c6 2. c4 d5 3. Nf3 Nf6 4. Nc3 e6 5. Bg5 Be7 6. e3 O-O 7. Bd3 Nbd7 8. O-O
b6 9. Rc1 Bb7 10. Qc2 h6 11. Bf4 Nh5 12. Be5 dxc4 13. Bxc4 c5 14. Rfd1 Qc8 15.
d5 Nxe5 16. Nxe5 Bf6 17. Nf3 Bxc3 18. Qxc3 exd5 19. Bxd5 Bxd5 20. Rxd5 Nf6 21.
Rd3 Qe6 22. Qc4 Qxc4 23. Rxc4 Rad8 24. Rxd8 Rxd8 25. Kf1 Kf8 26. Ke2 Ke7 27. Nd2
Ke6 28. f4 Nd5 29. a3 Nf6 30. h3 Rd7 31. g4 Rd8 32. Ne4 Kd5 33. Nd2 Ke6 34. b3
Rb8 35. Ne4 Nxe4 36. Rxe4+ Kd7 37. Kd3 Re8 38. Rxe8 Kxe8 39. Kc4 a6 40. Kd5 Kd7
41. e4 Kc7 42. h4 Kd7 43. g5 Kc7 44. f5 hxg5 45. hxg5 Kd7 46. e5 a5 47. f6 g6
48. a4 Kc7 49. e6 1-0

[Event "POLFINAL MISTRZOSTW POLSKI JUNIOROW 2016 - C15"]
[Site "Centrum Kongresow i Rekreacji Orle Gniazdo ul. Wrzosowa 28a, Szczyrk"]
[Date "1899-12-30"]
[Round "2.15"]
[White "Galuszka, Tomasz"]
[Black "Wilk, Radoslaw"]
[Result "1-0"]
[WhiteTitle "II+"]
[BlackTitle "II"]
[WhiteElo "1752"]
[BlackElo "1499"]

1. e4 c5 2. Nf3 d6 3. d4 cxd4 4. Nxd4 Nf6 5. Nc3 a6 6. Bg5 Nbd7 7. f4 e6 8. Qf3
Be7 9. O-O-O Qc7 10. g4 h6 11. Bxf6 Nxf6 12. h4 b5 13. g5 Nd7 14. Bh3 Nf8 15.
a3 hxg5 16. hxg5 e5 17. Nd5 Qb7 18. Bxc8 Qxc8 19. Rxh8 exd4 20. Nb6 1-0

[Event "POLFINAL MISTRZOSTW POLSKI JUNIOROW 2016 - C15"]
[Site "Centrum Kongresow i Rekreacji Orle Gniazdo ul. Wrzosowa 28a, Szczyrk"]
[Date "1899-12-30"]
[Round "2.16"]
[White "Kosztyla, Mateusz"]
[Black "Burzak, Wojciech"]
[Result "0-1"]
[WhiteTitle "II"]
[BlackTitle "I"]
[WhiteElo "1288"]
[BlackElo "1624"]

1. e4 e5 2. Nf3 Nc6 3. Bb5 Nf6 4. O-O Nxe4 5. d4 Be7 6. Bd3 d5 7. Re1 O-O 8. dxe5
Bg4 9. Bf4 Ng5 10. Be2 Re8 11. Nd4 Bxe2 12. Rxe2 Nxd4 13. Qxd4 Ne6 14. Qd2 c6
15. Nc3 Bb4 16. Bg3 d4 17. a3 Ba5 18. b4 dxc3 19. Qxd8 Bxd8 20. Re3 Bb6 21. Rd3
Rad8 22. Rad1 Rxd3 23. Rxd3 Rd8 24. Rxd8+ Bxd8 25. Kf1 Nd4 0-1

[Event "POLFINAL MISTRZOSTW POLSKI JUNIOROW 2016 - C15"]
[Site "Centrum Kongresow i Rekreacji Orle Gniazdo ul. Wrzosowa 28a, Szczyrk"]
[Date "1899-12-30"]
[Round "2.17"]
[White "Guzik, Kacper"]
[Black "Kaminski, Antoni"]
[Result "0-1"]
[WhiteTitle "II"]
[BlackTitle "II+"]
[WhiteElo "1182"]
[BlackElo "1611"]

1. e4 c5 2. Nf3 g6 3. Bc4 Nc6 4. Nc3 Bg7 5. d3 e6 6. Be3 b6 7. Qd2 Nge7 8. O-O
d5 9. exd5 exd5 10. Bb5 d4 11. Bg5 dxc3 12. Bxe7 cxd2 13. Bxd8 Kxd8 14. Bxc6 Rb8
15. Nxd2 Bxb2 16. Rab1 Bg7 17. Nc4 Be6 18. Rfe1 Kc7 19. Bb5 Rhd8 20. a3 Bf6 21.
Ne5 Rd6 22. Nc4 Rd4 23. Ne5 Ra8 24. Bc4 Bxc4 25. Nxc4 Kc6 26. Re2 Rb8 27. Ne5+
Bxe5 28. Rxe5 Rbd8 29. f3 c4 30. Re7 R8d7 31. Rxd7 Kxd7 32. Rd1 Kc6 33. Kf2 cxd3
34. Rxd3 Rxd3 35. cxd3 Kd5 36. Ke3 b5 37. d4 a5 38. Kd3 b4 39. a4 f5 40. f4 h6
41. h4 h5 42. g3 b3 43. Kc3 b2 44. Kxb2 Kxd4 45. Kb3 Kd3 46. Ka2 Kc3 47. Ka3 Kc4
48. Kb2 Kb4 49. Kc2 Kxa4 50. Kc3 Kb5 51. Kb3 a4+ 52. Ka3 Ka5 53. Kb2 Kb4 54. Ka2
a3 55. Ka1 Kc3 56. Ka2 Kd3 0-1

[Event "POLFINAL MISTRZOSTW POLSKI JUNIOROW 2016 - C15"]
[Site "Centrum Kongresow i Rekreacji Orle Gniazdo ul. Wrzosowa 28a, Szczyrk"]
[Date "1899-12-30"]
[Round "2.18"]
[White "Zolkiewski, Jakub"]
[Black "Wolak, Kamil"]
[Result "1-0"]
[WhiteTitle "I"]
[BlackTitle "II"]
[WhiteElo "1607"]
[BlackElo "1385"]

1. d4 d5 2. c4 c6 3. Nf3 e6 4. Nc3 dxc4 5. a4 Bb4 6. g3 b5 7. Bg2 Bb7 8. O-O Bxc3
9. bxc3 Ne7 10. Ne5 f6 11. Nf3 a5 12. Rb1 Nd5 13. Bd2 b4 14. e4 bxc3 15. exd5
cxd2 16. Rxb7 Qc8 17. Rxg7 c3 18. Ne5 Rf8 19. Nxc6 Nxc6 20. dxc6 Rf7 21. Qh5 Qc7
22. Rg8+ Ke7 23. Rxa8 1-0

[Event "POLFINAL MISTRZOSTW POLSKI JUNIOROW 2016 - C15"]
[Site "Centrum Kongresow i Rekreacji Orle Gniazdo ul. Wrzosowa 28a, Szczyrk"]
[Date "1899-12-30"]
[Round "3.1"]
[White "Marczak, Szymon"]
[Black "Poplawski, Maciej"]
[Result "0-1"]
[WhiteTitle "I"]
[BlackTitle "I"]
[WhiteElo "1789"]
[BlackElo "1875"]

1. e4 c6 2. c4 g6 3. d4 d6 4. Nc3 Bg7 5. Be2 Qc7 6. Nf3 Bg4 7. Be3 Nd7 8. O-O Ngf6
9. h3 Bxf3 10. Bxf3 O-O 11. Qd2 e5 12. Rad1 Rad8 13. b3 Rfe8 14. d5 Nb6 15. a4
Nc8 16. g4 Qd7 17. g5 Nh5 18. Bg4 Qe7 19. Bxh5 gxh5 20. Qe2 Rf8 21. Qxh5 f5 22.
f3 Qc7 23. exf5 Rxf5 24. Qg4 Ne7 25. h4 Kh8 26. Kg2 Qa5 27. Bd2 Qb6 28. dxc6 bxc6
29. Ne4 Qxb3 30. Ba5 Rdf8 31. Nxd6 Rf4 32. Qg3 Ng6 33. Rb1 Qc2+ 34. Qf2 Nxh4+
35. Kh1 Qg6 36. Bd2 Rxf3 37. Qxh4 Rxf1+ 38. Rxf1 Rxf1+ 39. Kg2 Qxd6 40. Kxf1 Qxd2
41. Qg4 Qf4+ 0-1

[Event "POLFINAL MISTRZOSTW POLSKI JUNIOROW 2016 - C15"]
[Site "Centrum Kongresow i Rekreacji Orle Gniazdo ul. Wrzosowa 28a, Szczyrk"]
[Date "1899-12-30"]
[Round "3.2"]
[White "Filewicz, Radoslaw"]
[Black "Kupiecki, Szymon"]
[Result "1-0"]
[WhiteTitle "I"]
[BlackTitle "II"]
[WhiteElo "1827"]
[BlackElo "1742"]

1. d4 Nf6 2. Nf3 g6 3. g3 Bg7 4. Bg2 O-O 5. O-O d6 6. Nbd2 Nc6 7. c3 e5 8. dxe5
dxe5 9. Qc2 Nh5 10. e4 f5 11. b3 f4 12. Ba3 Rf7 13. Rfd1 h6 14. Nc4 Qe8 15. Rd3
g5 16. Rad1 Nf6 17. Nfxe5 Bg4 18. Nxf7 Bxd1 19. Nxh6+ Bxh6 20. Rxd1 Ne5 21. Nxe5
Qxe5 22. Bb2 Rf8 23. c4 Qe7 24. e5 Ng4 25. Qg6+ Bg7 26. Bd5+ Kh8 27. Be4 Bxe5
28. Qh5+ Kg8 29. Bd5+ Kg7 30. Qxg4 Bxb2 31. Bxb7 Rf7 32. Bd5 Rf8 33. Be6 Kf6 34.
Qf5+ Kg7 35. Qc2 Qxe6 36. Qxb2+ Kg6 37. Qc2+ Kh6 38. Qd3 fxg3 39. hxg3 Qf6 40.
Qe3 a5 41. Re1 Qg7 42. Qe5 Qxe5 43. Rxe5 a4 44. b4 Rf3 45. Re3 Rf6 46. b5 Rf8
47. Re6+ 1-0

[Event "POLFINAL MISTRZOSTW POLSKI JUNIOROW 2016 - C15"]
[Site "Centrum Kongresow i Rekreacji Orle Gniazdo ul. Wrzosowa 28a, Szczyrk"]
[Date "1899-12-30"]
[Round "3.3"]
[White "Polczyk, Mikolaj"]
[Black "Dyrda, Jakub"]
[Result "1/2-1/2"]
[WhiteTitle "I"]
[BlackTitle "II"]
[WhiteElo "1793"]
[BlackElo "1575"]

1. e4 g6 2. d4 Bg7 3. Nc3 d6 4. Bg5 a6 5. Nf3 b5 6. a4 b4 7. Na2 a5 8. c3 bxc3
9. Nxc3 Nf6 10. e5 Nfd7 11. exd6 cxd6 12. Bb5 O-O 13. Nd5 f6 14. Be3 Na6 15. Rc1
Nb6 16. Nxb6 Qxb6 17. d5 Nc5 18. Qc2 f5 19. b3 Bb7 20. Bxc5 dxc5 21. Qxc5 Qxc5
22. Rxc5 Rfc8 23. Rxc8+ Rxc8 24. Bc4 Ba6 25. Nd2 Bh6 26. O-O Bxd2 27. Bxa6 Rc2
28. g3 Bb4 29. Bd3 Rb2 30. Rc1 Kg7 31. Bc4 Bc5 32. Rf1 g5 33. h3 Kf6 34. g4 f4
35. Kg2 h6 36. Kf3 Rd2 37. Kg2 Rb2 38. Kf3 Rd2 39. Kg2 Rb2 40. Kf3 Rd2 1/2-1/2

[Event "POLFINAL MISTRZOSTW POLSKI JUNIOROW 2016 - C15"]
[Site "Centrum Kongresow i Rekreacji Orle Gniazdo ul. Wrzosowa 28a, Szczyrk"]
[Date "1899-12-30"]
[Round "3.4"]
[White "Kawalko, Adam"]
[Black "Posluszny, Tomasz"]
[Result "1-0"]
[WhiteTitle "II+"]
[BlackTitle "II"]
[WhiteElo "1659"]
[BlackElo "1783"]

1. e4 c5 2. Nf3 e6 3. d4 cxd4 4. Nxd4 Nf6 5. Nc3 Nc6 6. Ndb5 Bb4 7. a3 Bxc3+ 8.
Nxc3 d5 9. exd5 exd5 10. Bd3 d4 11. Ne2 O-O 12. O-O Bg4 13. Bg5 Qd6 14. Re1 Rfe8
15. Qd2 Rad8 16. Rad1 a6 17. f3 Bh5 18. c3 dxc3 19. Qxc3 Qe5 20. Bxf6 gxf6 21.
Be4 Bg6 22. Qxe5 fxe5 23. Nc3 Bxe4 24. Nxe4 Re7 25. Rxd8+ Nxd8 26. Kf2 Nc6 27.
Nc5 Kg7 28. Re4 f5 29. Rc4 Kf6 30. Nxb7 Rxb7 31. Rxc6+ Kg5 32. b4 Ra7 33. Re6
a5 34. b5 Rc7 35. Rxe5 Rc3 36. Re3 Rc2+ 37. Re2 Rc5 38. a4 Kf6 39. Rb2 Rc7 40.
b6 Rb7 41. Ke3 Ke6 42. Kf4 Kf6 43. Rb5 Kg6 44. h3 h5 45. h4 1-0

[Event "POLFINAL MISTRZOSTW POLSKI JUNIOROW 2016 - C15"]
[Site "Centrum Kongresow i Rekreacji Orle Gniazdo ul. Wrzosowa 28a, Szczyrk"]
[Date "1899-12-30"]
[Round "3.5"]
[White "Kaminski, Maciej"]
[Black "Rak, Maciej"]
[Result "1-0"]
[WhiteTitle "I"]
[BlackTitle "II+"]
[WhiteElo "1782"]
[BlackElo "1619"]

1. e4 c5 2. Nf3 e6 3. d4 cxd4 4. Nxd4 a6 5. Bd3 Bc5 6. Nb3 Be7 7. O-O d6 8. Be3
Nd7 9. f4 Ngf6 10. c4 b6 11. Nc3 Bb7 12. Rc1 Qc7 13. Qe2 O-O 14. g4 Rfd8 15. g5
Ne8 16. Qh5 Nc5 17. Nxc5 dxc5 18. Bb1 Qc6 19. Nd5 Bc8 20. Qh4 g6 21. Nc3 Bd7 22.
Rf3 1-0

[Event "POLFINAL MISTRZOSTW POLSKI JUNIOROW 2016 - C15"]
[Site "Centrum Kongresow i Rekreacji Orle Gniazdo ul. Wrzosowa 28a, Szczyrk"]
[Date "1899-12-30"]
[Round "3.6"]
[White "Lendzion, Kamil"]
[Black "Dytman, Radoslaw"]
[Result "0-1"]
[WhiteTitle "II"]
[BlackTitle "I"]
[WhiteElo "1417"]
[BlackElo "1771"]

1. e4 e5 2. Nf3 Nc6 3. d4 exd4 4. Nxd4 Nf6 5. Nxc6 bxc6 6. e5 Qe7 7. Qe2 Nd5 8.
c4 Nb6 9. Nc3 Ba6 10. Qe4 Bb7 11. g3 g6 12. Bg2 Qe6 13. b3 Bg7 14. O-O Bxe5 15.
Bb2 Bxc3 16. Bxc3 Qxe4 17. Rfe1 O-O 18. Rxe4 c5 19. Re5 Bxg2 20. Kxg2 d6 21. Re7
Rac8 22. Ba5 Rfe8 23. Rae1 Rxe7 24. Rxe7 Kg7 25. Bc3+ Kf8 26. Bf6 d5 27. Re5 dxc4
28. bxc4 Nxc4 29. Rxc5 Nb6 30. Ra5 Ra8 31. h4 a6 32. h5 Nd7 33. Bd4 f5 34. g4
fxg4 35. Rg5 Kf7 36. hxg6+ hxg6 37. Rxg4 c5 38. Bc3 Rb8 39. Kf3 Rb1 40. Ra4 Rd1
41. Ke2 Rd6 42. Ke3 g5 43. f4 Nb6 44. Re4 Nd5+ 45. Kd3 Nf6+ 46. Ke3 Nxe4 47. Kxe4
gxf4 48. Be5 Rd2 49. a4 Ke6 50. Bc3 Rc2 51. Ba5 Rc4+ 52. Kf3 Rxa4 53. Bd2 Ke5
54. Bc3+ Kf5 55. Bd2 Ra3+ 56. Kf2 Ra2 0-1

[Event "POLFINAL MISTRZOSTW POLSKI JUNIOROW 2016 - C15"]
[Site "Centrum Kongresow i Rekreacji Orle Gniazdo ul. Wrzosowa 28a, Szczyrk"]
[Date "1899-12-30"]
[Round "3.7"]
[White "Namyslak, Piotr"]
[Black "Gazda, Dominik"]
[Result "1-0"]
[WhiteTitle "I"]
[BlackTitle "II+"]
[WhiteElo "1754"]
[BlackElo "1377"]

1. c4 c6 2. Nc3 d5 3. e3 Nf6 4. Nf3 Bg4 5. cxd5 Bxf3 6. Qxf3 Nxd5 7. Bc4 e6 8.
O-O Bd6 9. d4 Nxc3 10. bxc3 O-O 11. e4 e5 12. dxe5 Bxe5 13. Ba3 Qc7 14. Bxf8 Kxf8
15. g3 b5 16. Bb3 Na6 17. Rad1 Nc5 18. Rd2 Qa5 19. Qxf7# 1-0

[Event "POLFINAL MISTRZOSTW POLSKI JUNIOROW 2016 - C15"]
[Site "Centrum Kongresow i Rekreacji Orle Gniazdo ul. Wrzosowa 28a, Szczyrk"]
[Date "1899-12-30"]
[Round "3.8"]
[White "Kukorowski, Jan"]
[Black "Radecki, Adam"]
[Result "0-1"]
[WhiteTitle "I"]
[BlackTitle "I"]
[WhiteElo "1700"]
[BlackElo "1456"]

1. e4 c5 2. Nf3 e6 3. d4 cxd4 4. Nxd4 Nc6 5. Nxc6 bxc6 6. c4 Nf6 7. Bd3 d5 8. exd5
cxd5 9. cxd5 Nxd5 10. O-O Bd6 11. Re1 O-O 12. Be4 Bb7 13. Nd2 f5 14. Bf3 Qf6 15.
Nc4 Bb4 16. Bd2 Rad8 17. Qb3 Bxd2 18. Nxd2 Nf4 19. Bxb7 Rxd2 20. Qe3 Rxb2 21.
Qxa7 Nd3 22. Reb1 Nxf2 23. a4 Ng4 24. h3 Ne3 25. a5 f4 26. a6 Rxb1+ 27. Rxb1 Qg6
28. Rb2 Qg3 29. Rf2 Rd8 30. Bf3 Rc8 31. Be2 Rc1+ 32. Bf1 Rxf1+ 0-1

[Event "POLFINAL MISTRZOSTW POLSKI JUNIOROW 2016 - C15"]
[Site "Centrum Kongresow i Rekreacji Orle Gniazdo ul. Wrzosowa 28a, Szczyrk"]
[Date "1899-12-30"]
[Round "3.9"]
[White "Piersiak, Krystian"]
[Black "Galuszka, Tomasz"]
[Result "0-1"]
[WhiteTitle "II"]
[BlackTitle "II+"]
[WhiteElo "1461"]
[BlackElo "1752"]

1. e4 d5 2. exd5 Nf6 3. Nc3 Nxd5 4. Nxd5 Qxd5 5. Nf3 Bg4 6. Be2 Nc6 7. O-O O-O-O
8. d3 e5 9. Re1 f6 10. Be3 g5 11. h3 Be6 12. a3 Be7 13. b4 h5 14. c4 Qd7 15. b5
Nd4 16. Bxd4 exd4 17. Nh2 Bd6 18. Bxh5 Bxh2+ 19. Kxh2 g4 20. Rxe6 Qxe6 21. Qxg4
f5 22. Qe2 Qd6+ 23. Kh1 Rh6 24. a4 Rdh8 25. Bf3 Qg6 26. Qf1 Qd6 27. Qe2 Re6 28.
Qd2 Rhe8 29. g4 Rh8 30. Kg2 Reh6 31. Rh1 Rg6 32. Qa5 Kb8 33. Qd2 Rf8 34. Re1 Qf6
35. Qe2 Kc8 36. Qe7 fxg4 0-1

[Event "POLFINAL MISTRZOSTW POLSKI JUNIOROW 2016 - C15"]
[Site "Centrum Kongresow i Rekreacji Orle Gniazdo ul. Wrzosowa 28a, Szczyrk"]
[Date "1899-12-30"]
[Round "3.10"]
[White "Pospiech, Mateusz"]
[Black "Paliwoda, Borys"]
[Result "0-1"]
[WhiteTitle "III"]
[BlackTitle "II+"]
[WhiteElo "1153"]
[BlackElo "1717"]

1. c4 e5 2. Nc3 Bc5 3. g3 Nc6 4. Bg2 Nf6 5. e3 a6 6. Nge2 d6 7. O-O O-O 8. b3 Bf5
9. Bb2 Qd7 10. Re1 Bh3 11. d4 exd4 12. exd4 Ba7 13. d5 Ne5 14. Nf4 Bxg2 15. Kxg2
Neg4 16. Nd3 Qf5 17. Qf3 Qxf3+ 18. Kxf3 Nxh2+ 19. Kg2 Nhg4 20. f3 Ne3+ 21. Rxe3
Bxe3 22. Ne4 Nxe4 23. fxe4 f6 24. Rf1 Rae8 25. Kf3 Bg5 26. Ba3 Rf7 27. c5 f5 28.
exf5 Rxf5+ 29. Kg2 Re2+ 30. Nf2 Be3 31. cxd6 cxd6 32. Bxd6 Rfxf2+ 33. Rxf2 Rxf2+
34. Kh3 Rd2 35. Bf4 Bxf4 36. gxf4 Rxd5 37. Kg3 Kf7 38. Kf3 Kf6 39. Ke4 Ke6 40.
a3 h5 41. a4 g5 42. fxg5 Rxg5 43. b4 h4 44. b5 axb5 45. axb5 h3 46. b6 h2 47.
Kf3 h1=Q+ 48. Kf2 Qh3 49. Ke1 Rg2 50. Kd1 Qh1# 0-1

[Event "POLFINAL MISTRZOSTW POLSKI JUNIOROW 2016 - C15"]
[Site "Centrum Kongresow i Rekreacji Orle Gniazdo ul. Wrzosowa 28a, Szczyrk"]
[Date "1899-12-30"]
[Round "3.11"]
[White "Dzwierzynski, Bartosz"]
[Black "Zolkiewski, Jakub"]
[Result "1/2-1/2"]
[WhiteTitle "II"]
[BlackTitle "I"]
[WhiteElo "1650"]
[BlackElo "1607"]

1. d4 d5 2. c4 e6 3. Nc3 c6 4. Nf3 Nf6 5. e3 Bd6 6. Bd3 Nbd7 7. O-O O-O 8. e4 dxe4
9. Nxe4 Nxe4 10. Bxe4 Nf6 11. Bc2 h6 12. b3 c5 13. Bb2 b6 14. Qd3 Re8 15. Rfe1
cxd4 16. Nxd4 Bb4 17. Red1 Bb7 18. Qe2 Qe7 19. a3 Bc5 20. b4 Bxd4 21. Rxd4 Rad8
22. Rad1 Rxd4 23. Rxd4 Rd8 24. Qe5 Rxd4 25. Bxd4 Qd8 26. h3 Bc6 27. b5 Bb7 28.
c5 bxc5 29. Qxc5 a6 30. b6 Qd5 31. Qxd5 Nxd5 32. Be4 Kf8 33. a4 g6 34. a5 Ke7
35. f3 h5 36. Kf2 Kd6 37. Bxd5 Kxd5 38. Bc3 e5 39. Ke3 f5 40. g3 Bc6 41. f4 e4
1/2-1/2

[Event "POLFINAL MISTRZOSTW POLSKI JUNIOROW 2016 - C15"]
[Site "Centrum Kongresow i Rekreacji Orle Gniazdo ul. Wrzosowa 28a, Szczyrk"]
[Date "1899-12-30"]
[Round "3.12"]
[White "Burzak, Wojciech"]
[Black "Zerebiec, Maurycy"]
[Result "1/2-1/2"]
[WhiteTitle "I"]
[BlackTitle "II"]
[WhiteElo "1624"]
[BlackElo "1488"]

1. e4 e6 2. d4 d5 3. exd5 exd5 4. Nf3 Bd6 5. c4 Nf6 6. Nc3 O-O 7. Be2 Nbd7 8. O-O
b6 9. cxd5 Bb7 10. Bc4 Bb4 11. Qb3 Bxc3 12. bxc3 a5 13. a4 Ne4 14. Bd3 Ndf6 15.
c4 c6 16. dxc6 Bxc6 17. Be3 Ng4 18. Qc2 Nxe3 19. fxe3 Nf6 20. d5 Bd7 21. e4 Rc8
22. h3 h6 23. Nd4 Re8 24. Nf5 Bxf5 25. Rxf5 Qd6 26. Raf1 Re5 27. Qc3 Rce8 28.
Rxe5 Qxe5 29. Qxe5 Rxe5 30. Rf5 Nd7 31. Rxe5 Nxe5 32. Be2 Nd7 33. Bd1 Nc5 34.
Bc2 Kf8 35. Kf2 Ke7 36. Ke3 Kd6 37. Kd4 f6 38. Bd1 Nd7 39. Bg4 Nc5 40. Bd1 Nd7
1/2-1/2

[Event "POLFINAL MISTRZOSTW POLSKI JUNIOROW 2016 - C15"]
[Site "Centrum Kongresow i Rekreacji Orle Gniazdo ul. Wrzosowa 28a, Szczyrk"]
[Date "1899-12-30"]
[Round "3.13"]
[White "Kaminski, Antoni"]
[Black "Byra, Aron"]
[Result "1-0"]
[WhiteTitle "II+"]
[BlackTitle "II"]
[WhiteElo "1611"]
[BlackElo "1232"]

1. e4 e6 2. d4 d5 3. Nc3 Bb4 4. e5 c5 5. Bd2 Bd7 6. a3 Bxc3 7. bxc3 Nc6 8. Be3
c4 9. f4 Nge7 10. Nf3 Nf5 11. Bd2 h6 12. g3 b5 13. Bh3 Nfe7 14. O-O O-O 15. Kh1
f5 16. Rg1 Qe8 17. Qe2 Qh5 18. Qg2 Kh8 19. g4 fxg4 20. Bxg4 Qf7 21. Bh5 Qg8 22.
Qh3 Nf5 23. Rg2 Nce7 24. Rag1 Qh7 25. Nh4 Be8 26. Bg4 a6 27. Bxf5 Nxf5 28. Nxf5
Qxf5 29. Qxf5 Rxf5 30. Rxg7 Bh5 31. R1g3 Rf7 32. Rxf7 Bxf7 33. f5 Kh7 34. Rh3
h5 35. fxe6 Bxe6 36. Rxh5+ Kg7 37. h4 Rg8 38. Rh6 Bg4 39. Kh2 Kf7 40. Bg5 Rg6
41. Rh7+ Kg8 42. Ra7 Bf5 43. Kg3 Kf8 44. Kf4 Be4 45. h5 Re6 46. Bf6 Kg8 47. h6
Kf8 48. h7 Bxh7 49. Rxh7 Ke8 50. Kf5 Rc6 51. e6 Rxe6 52. Kxe6 1-0

[Event "POLFINAL MISTRZOSTW POLSKI JUNIOROW 2016 - C15"]
[Site "Centrum Kongresow i Rekreacji Orle Gniazdo ul. Wrzosowa 28a, Szczyrk"]
[Date "1899-12-30"]
[Round "3.14"]
[White "Jarzebowski, Kacper"]
[Black "Golinski, Kacper"]
[Result "1-0"]
[WhiteTitle "I+"]
[BlackTitle "II"]
[WhiteElo "1852"]
[BlackElo "1414"]

1. d4 d5 2. Nf3 Nf6 3. c4 e6 4. g3 c6 5. Bg2 Bd6 6. O-O O-O 7. Qc2 Nbd7 8. b3 dxc4
9. Qxc4 e5 10. Bb2 Nb6 11. Qc2 exd4 12. Bxd4 Be7 13. Rd1 Bd7 14. Nbd2 Qc8 15.
Rac1 Rd8 16. e4 Bg4 17. Bb2 a5 18. a3 a4 19. b4 Be6 20. Nd4 h6 21. Qc3 Nbd7 22.
Nxe6 fxe6 23. Bh3 Nf8 24. Qe3 Qd7 25. Qe1 Qc7 26. Qe3 Qd7 27. Bf1 N8h7 28. Be2
Qe8 29. Nc4 Qg6 30. f3 Nd7 31. e5 Kh8 32. Bd4 Ng5 33. f4 Nh3+ 34. Kg2 Nxf4+ 35.
Qxf4 Bg5 36. Qg4 h5 37. Qxh5+ Qxh5 38. Bxh5 Bxc1 39. Rxc1 Nf8 40. Nd6 Kg8 41.
Bf7+ Kh7 42. Rc4 g6 43. Be3 Kg7 44. Rf4 Rd7 45. h3 Rad8 46. Bb6 Ra8 47. Rf3 Re7
48. Rf2 Nh7 49. Bc5 Ng5 50. Nf5+ gxf5 51. Bxe7 Nxf7 52. Bf6+ Kg6 53. Rd2 b5 54.
Rd7 Rc8 55. h4 Nh6 56. Rg7+ Kh5 57. Rg5# 1-0